000 00564nam a2200181Ia 4500
008 090123s9999 xx 000 0 und d
082 _b8098
_a891.463/पंडित
100 _aपंडित गौतम
245 _aसमुद्रपक्षी
250 _a1
260 _bचंद्रकांत प्रकाशन
300 _a112
600 _aपंडित गौतम
630 _aसमुद्रपक्षी
700 _aपंडित गौतम
730 _aसमुद्रपक्षी
942 _cBOOK
999 _c46164
_d46164